Movimiento Familiar Cristiano : (Record no. 108944)

MARC details
000 -LEADER
campo de control de longitud fija 00547nam a2200169 4500
001 - NÚMERO DE CONTROL
campo de control 108944
003 - IDENTIFICADOR DE NÚMERO DE CONTROL
campo de control ES-MaACL
005 - FECHA Y HORA DE LA ÚLTIMA TRANSACCIÓN
campo de control 20230906184737.0
007 - CAMPO FIJO DE DESCRIPCIÓN FÍSICA--INFORMACIÓN GENERAL
campo de control de longitud fija t|
008 - DATOS DE LONGITUD FIJA--INFORMACIÓN GENERAL
campo de control de longitud fija 061121s1971 sp r ||||1| spa d
110 2# - ENTRADA PRINCIPAL--NOMBRE DE ENTIDAD CORPORATIVA
Nombre de entidad corporativa o nombre de jurisdicción como elemento de entrada Movimiento Familiar Cristiano (España)
9 (RLIN) 171904
245 10 - MENCIÓN DEL TÍTULO
Título Movimiento Familiar Cristiano :
Resto del título Zaragoza, Asamblea Diocesana, curso 1970-1971.
260 ## - PUBLICACIÓN, DISTRIBUCIÓN, ETC.
Lugar de publicación, distribución, etc. Zaragoza :
Nombre del editor, distribuidor, etc. [s.n],
Fecha de publicación, distribución, etc. 1971 (
Fabricante Imp. Octavio y Félez)
300 ## - DESCRIPCIÓN FÍSICA
Extensión 86 p. ;
Dimensiones 22 cm.
650 ## - PUNTO DE ACCESO ADICIONAL DE MATERIA--TÉRMINO DE MATERIA
Término de materia o nombre geográfico como elemento de entrada Familias-
Subdivisión general Aspectos religiosos.
9 (RLIN) 172469
852 ## - LOCALIZACIÓN
Ubicación ES-MaACL
Número de control de estantería C-46824
Holdings
Estatus retirado Estado de pérdida Estado de daño No para préstamo Biblioteca de origen Biblioteca actual Ubicación en estantería Fecha de adquisición Fuente de adquisición Total de préstamos Signatura topográfica completa Código de barras Visto por última vez Precio de reemplazo Tipo de ítem Koha
        Biblioteca del Ateneo de Madrid Biblioteca del Ateneo de Madrid Depósito 2 17/01/2008     C-46824 1113676 23/02/2023 23/02/2023 Libro impreso